Serving as senders. (Record no. 16674)

000 -LEADER
fixed length control field 00473nam a2200169 a 4500
001 - CONTROL NUMBER
control field :::00019852$&:&@@
003 - CONTROL NUMBER IDENTIFIER
control field OkBaRHE
005 - DATE AND TIME OF LATEST TRANSACTION
control field 20011106142115.0
008 - FIXED-LENGTH DATA ELEMENTS--GENERAL INFORMATION
fixed length control field s1996 j 000 0 eng u
040 ## - CATALOGING SOURCE
Transcribing agency
100 1# - MAIN ENTRY--PERSONAL NAME
Personal name Pirolo, Neal
245 10 - TITLE STATEMENT
Title Serving as senders.
260 ## - PUBLICATION, DISTRIBUTION, ETC. (IMPRINT)
Place of publication, distribution, etc Carlisle, U.K.
Name of publisher, distributor, etc OM Publishing
Date of publication, distribution, etc 1996
300 ## - PHYSICAL DESCRIPTION
Extent 211 p.
942 ## - ADDED ENTRY ELEMENTS (KOHA)
Source of classification or shelving scheme
Koha item type Books
Copies
Copy number Shelving location Withdrawn status Price effective from Lost status Koha item type Date acquired Not for loan Damaged status Full call number Barcode Permanent Location Source of classification or shelving scheme Date last seen
1General Stacks 2010-04-14 Books2010-04-14  BV 2063 .P5719852RHEMA Bible Training College 2010-04-14